000 00831nam a2200265Ia 4500
008 191130s2004##################000#0#eng##
020 _a199638748
022 _a2004299783
040 _aACL
_cACL
082 _a579.26 CLA
245 _aPhage display : a practical approach
_cedited by Tim Clackson, Henry B. Lowman
260 _aOxford
_bOxford University Press
_c2004
300 _axxiv, 332 p. : ill. ; 25 cm
500 _aIncludes bibliographical references and index
650 _aBacteriophages
650 _aBacteriophages - Laboratory Manuals
650 _aMicrobial biotechnology
650 _aPeptide Library - Laboratory Manuals
650 _aViral proteins
700 _aClackson, Tim
700 _aLowman, Henry B
990 _ac8272482ac10000c7df9f814a186adc1
991 _a232462
999 _c35027
_d35027